000 00282nam a22001337a 4500
003 SGT
020 _a9788193122044
082 _a954
_bJ16A
100 _aAHMAD, TUFAIL
245 _aJIHADIST: THREAT TO INDIA
260 _bINFOLIMNER MEDIA
_c2016
300 _a346
942 _2ddc
_cBK
999 _c29138
_d29138